Anecdotario independencia nacional y Revolución mexicana /

保存先:
書誌詳細
フォーマット: 図書
言語:スペイン語
出版事項: Guanajuato, México : Gobierno del Estado de Guanajuato, Secretaría de Educación, 2010, c2010
主題:
タグ: タグ追加
タグなし, このレコードへの初めてのタグを付けませんか!

MARC

LEADER 00000nam^a2200000^a^4500
001 000314105
005 20250521000000.0
009 20260310113203.966
037 |a Acervo ITESO - Biblioteca 
041 |a ESP 
082 |a 972. 41  |b ANE 
245 0 0 |a Anecdotario independencia nacional y Revolución mexicana / 
264 4 |a Guanajuato, México :  |b Gobierno del Estado de Guanajuato, Secretaría de Educación,  |c 2010, c2010 
300 |a 63 p. 
336 |a texto  |b txt  |2 rdacontenido 
337 |a sin mediación  |b n  |2 rdamedio 
338 |a volumen  |b nc  |2 rdasoporte 
649 |a XX 
650 |a Guanajuato -  |x Historia -  |x Anécdotas y Chistes -  |x Tema Principal 
650 |a México -  |x Historia -  |x Anécdotas y Chistes 
650 |a Guanajuato -  |x Historia -  |y Guerra de Independencia, 1810-1821 -  |x Tema Principal 
650 |a México -  |x Historia -  |y Guerra de Independencia, 1810-1821 
650 |a Guanajuato -  |x Historia -  |y Revolución, 1910-1917 -  |x Tema Principal 
650 |a México -  |x Historia -  |y Revolución, 1910-1917 
910 |a Fondo General 
920 |a Impresos - Libros 
930 |a Colección General 
905 |a 101 
901 |a 0500200993  |b IT1  |c ACC  |i D56511  |u 20250521 
902 |a https://opac.biblio.iteso.mx/vufind/Record/000314105